|
|
|
|
| LEADER |
00000nam2a2200000 4500 |
| 001 |
321510 |
| 005 |
20231102003401.0 |
| 035 |
|
|
|a (RuTPU)RU\TPU\book\347065
|
| 035 |
|
|
|a RU\TPU\book\346894
|
| 035 |
|
|
|a RU\TPU\book\347064
|
| 090 |
|
|
|a 321510
|
| 100 |
|
|
|a 20160627d1953 k y0rusy50 ca
|
| 101 |
0 |
|
|a rus
|
| 102 |
|
|
|a RU
|
| 105 |
|
|
|a a z 001zy
|
| 200 |
0 |
|
|a Вып. 26: Пенный способ очистки газов от пыли, дыма и тумана
|f М. Е. Позин, И. П. Мухленов, Э. Я. Тарат
|g отв. ред. А. Ф. Добрянский
|
| 210 |
|
|
|d 1953
|
| 215 |
|
|
|a 100 с.
|c ил.
|
| 320 |
|
|
|a Библиогр.: с. 91
|
| 461 |
|
1 |
|0 (RuTPU)RU\TPU\book\345898
|t Труды Ленинградского технологического института имени Ленинградского совета (Ленсовета)
|o [сборник]
|f Ленинградский технологический институт им. Ленсовета (ЛТИ)
|v Вып. 26: Пенный способ очистки газов от пыли, дыма и тумана
|d 1945-
|
| 606 |
1 |
|
|a Химическая технология
|x Процессы
|2 stltpush
|3 (RuTPU)RU\TPU\subj\31251
|9 54153
|
| 606 |
1 |
|
|a Газы промышленные
|x Очистка от пыли
|2 stltpush
|3 (RuTPU)RU\TPU\subj\5413
|
| 610 |
1 |
|
|a топочные газы
|
| 610 |
1 |
|
|a пенная очистка
|
| 610 |
1 |
|
|a золоуловители
|
| 610 |
1 |
|
|a расчеты
|
| 610 |
1 |
|
|a конструирование
|
| 610 |
1 |
|
|a схемы
|
| 610 |
1 |
|
|a чертежи
|
| 675 |
|
|
|a 66.021
|v 4
|
| 675 |
|
|
|a 628.511
|v 4
|
| 700 |
|
1 |
|a Позин
|b М. Е.
|
| 701 |
|
1 |
|a Мухленов
|b И. П.
|
| 701 |
|
1 |
|a Тарат
|b Э. Я.
|
| 702 |
|
1 |
|a Добрянский
|b А. Ф.
|4 340
|
| 801 |
|
1 |
|a RU
|b 63413507
|c 20160826
|
| 801 |
|
2 |
|a RU
|b 63413507
|c 20191004
|g RCR
|
| 942 |
|
|
|c BK
|